Design of concrete structures (Record no. 3622)

000 -LEADER
fixed length control field 00547nam a22002057a 4500
001 - CONTROL NUMBER
control field 3622
003 - CONTROL NUMBER IDENTIFIER
control field BD-DhUET
008 - FIXED-LENGTH DATA ELEMENTS--GENERAL INFORMATION
fixed length control field 141102b xxu||||| |||| 00| 0 eng d
040 ## - CATALOGING SOURCE
Transcribing agency 0
Modifying agency BD-DhUET
082 ## - DEWEY DECIMAL CLASSIFICATION NUMBER
Classification number 624.183
Item number WIN/1972
100 ## - MAIN ENTRY--PERSONAL NAME
Personal name Winter, George
245 ## - TITLE STATEMENT
Title Design of concrete structures
Statement of responsibility, etc. by George Winter and Arthur H. Nilson
250 ## - EDITION STATEMENT
Edition statement 8th ed.
260 ## - PUBLICATION, DISTRIBUTION, ETC. (IMPRINT)
Place of publication, distribution, etc. New York
Name of publisher, distributor, etc. McGraw-Hill
Date of publication, distribution, etc. 1972
300 ## - PHYSICAL DESCRIPTION
Extent xii,615p.
504 ## - BIBLIOGRAPHY, ETC. NOTE
Bibliography, etc Includes bibliographies
650 #0 - SUBJECT ADDED ENTRY--TOPICAL TERM
Topical term or geographic name as entry element Reinforced concrete
700 ## - ADDED ENTRY--PERSONAL NAME
Personal name Nilson, Arthur H.
942 ## - ADDED ENTRY ELEMENTS (KOHA)
Koha item type General Book
Holdings
Withdrawn status Sublocation or collection (holding branch) Location (home branch) Koha issues (times borrowed) Koha full call number Date acquired Koha normalized classification for sorting Not for loan Copy number Damaged status Koha date last borrowed Source of classification or shelving scheme Koha item type Price effective from Piece designation (barcode) Shelving location Lost status Koha date last seen
 Central Library, BUETCentral Library, BUET2624.183/WIN/19722014-11-02624_183000000000000_WIN_1972 1 2025-05-26 General Book2014-11-0239870Circulation section 2025-06-18
 Central Library, BUETCentral Library, BUET1624.183/WIN/19722014-11-02624_000000000000000_183WIN1972 2 2025-05-26 General Book2014-11-0244253Circulation section 2025-05-28
 Central Library, BUETCentral Library, BUET 624.183/WIN/19722014-11-18624_000000000000000_183WIN1972 3   General Book2014-11-1839869Circulation section 2014-11-18
 Central Library, BUETCentral Library, BUET 624.183/WIN/19722014-11-18624_000000000000000_183WIN1972 4   General Book2014-11-1839871Circulation section 2014-11-18
 Central Library, BUETCentral Library, BUET2624.183/WIN/19722015-02-22624_183000000000000_WIN_1972 5 2025-05-27 General Book2015-02-2242844Circulation section 2025-06-28
 Central Library, BUETCentral Library, BUET 624.183/WIN/19722015-02-22624_183000000000000_WIN_1972 6   General Book2015-02-2254930Circulation section 2015-02-22
 Central Library, BUETCentral Library, BUET1624.183/WIN/19722015-05-07624_183000000000000_WIN_1972 7 2025-05-26 General Book2015-05-0745112Circulation section 2025-05-27